[Event "Regionalliga NW 1213"]
[Site "Bayern"]
[Date "2012.11.11"]
[Round "2.8"]
[White "Bartonicek, Zdenek"]
[Black "Heerlein, Gerd"]
[Result "0-1"]
[WhiteElo "1958"]
[BlackElo "1662"]
[PlyCount "74"]
[EventDate "2012.10.14"]
[EventType "team-tourn"]
[EventRounds "9"]
[EventCountry "GER"]
[SourceTitle "EXT 2015"]
[Source "ChessBase"]
[SourceDate "2014.11.20"]
[SourceVersion "1"]
[SourceVersionDate "2014.11.20"]
[SourceQuality "1"]
[WhiteTeam "Kirchenlaibach"]
[BlackTeam "Bad Neustadt"]
[WhiteTeamCountry "GER"]
[BlackTeamCountry "GER"]

1. d4 Nf6 2. c4 g6 3. Nc3 Bg7 4. Nf3 0-0 5. e4 d6 6. Be2 e5 7. 0-0 Nc6 8. Be3 Ng4 9. Bg5 f6 10. Bc1 f5 11. d5 Ne7 12. Ng5 Nf6 13. f3 h6 14. Nh3 f4 15. b4 g5 16. c5 Ng6 17. cxd6 cxd6 18. Rf2 Ne8 19. Bd2 Rf7 20. Be1 Bf8 21. a4 Rg7 22. Kh1 h5 23. Ng1 Nh4 24. g3 Ng6 25. Rg2 Nf6 26. g4 Rh7 27. h3 hxg4 28. fxg4 Be7 29. Bf3 Kf7 30. Raa2 Bd7 31. Rac2 Rc8 32. Qd3 Qh8 33. Nb5 Rxc2 34. Rxc2 Bxg4 35. Bxg4 Nxg4 36. Rc7 Kf6 37. Qf3 Ne3 0-1

[Event "Unterfranken-ch HA 62th"]
[Site "Gerolzhofen"]
[Date "2011.04.26"]
[Round "3"]
[White "Hinterleitner, Gerhard"]
[Black "Heerlein, Gerd"]
[Result "1/2-1/2"]
[WhiteElo "1756"]
[BlackElo "1755"]
[PlyCount "33"]
[EventDate "2011.04.25"]
[EventType "swiss"]
[EventRounds "9"]
[EventCountry "GER"]
[SourceTitle "EXT 2015"]
[Source "ChessBase"]
[SourceDate "2014.11.20"]
[SourceVersion "1"]
[SourceVersionDate "2014.11.20"]
[SourceQuality "1"]

1. d4 Nf6 2. c4 g6 3. Nc3 Bg7 4. e4 d6 5. f3 0-0 6. Be3 c5 7. d5 e6 8. Qd2 exd5 9. cxd5 a6 10. g4 b5 11. Nce2 Bxg4 12. Ng3 Bc8 13. N1e2 Re8 14. 0-0-0 Nbd7 15. Nf4 Ne5 16. Qg2 Bd7 17. h4 1/2-1/2

[Event "Regionalliga NW 1011"]
[Site "Bayern"]
[Date "2011.04.10"]
[Round "9.6"]
[White "Becker, Alexander1111"]
[Black "Heerlein, Gerd"]
[Result "1/2-1/2"]
[WhiteElo "1933"]
[BlackElo "1743"]
[PlyCount "22"]
[EventDate "2010.10.10"]
[EventType "team-tourn"]
[EventRounds "9"]
[EventCountry "GER"]
[SourceTitle "EXT 2012"]
[Source "ChessBase"]
[SourceDate "2011.11.24"]
[SourceVersion "1"]
[SourceVersionDate "2011.11.24"]
[SourceQuality "1"]
[WhiteTeam "Kronach"]
[BlackTeam "Bad Neustadt"]
[WhiteTeamCountry "GER"]
[BlackTeamCountry "GER"]

1. c4 Nf6 2. g3 g6 3. Bg2 Bg7 4. Nc3 0-0 5. e4 e5 6. Nge2 Nc6 7. 0-0 d6 8. h3 Be6 9. d3 Qd7 10. Kh2 Ne8 11. g4 f5 1/2-1/2

[Event "Regionalliga NW 1011"]
[Site "Bayern"]
[Date "2011.01.16"]
[Round "5.8"]
[White "Schwarzmann, Holger"]
[Black "Heerlein, Gerd"]
[Result "1/2-1/2"]
[WhiteElo "1729"]
[BlackElo "1738"]
[PlyCount "66"]
[EventDate "2010.10.10"]
[EventType "team-tourn"]
[EventRounds "9"]
[EventCountry "GER"]
[SourceTitle "EXT 2012"]
[Source "ChessBase"]
[SourceDate "2011.11.24"]
[SourceVersion "1"]
[SourceVersionDate "2011.11.24"]
[SourceQuality "1"]
[WhiteTeam "Hoechstadt/Aisch"]
[BlackTeam "Bad Neustadt"]
[WhiteTeamCountry "GER"]
[BlackTeamCountry "GER"]

1. c4 Nf6 2. g3 g6 3. Bg2 Bg7 4. Nf3 0-0 5. 0-0 d6 6. d4 Nbd7 7. Nc3 e5 8. Bg5 h6 9. dxe5 dxe5 10. Bxf6 Bxf6 11. Qc2 c6 12. Rad1 Qc7 13. Rd2 a5 14. Rfd1 Nc5 15. Ne1 Bf5 16. e4 Be6 17. b3 Rad8 18. Nd3 Nxd3 19. Rxd3 Rxd3 20. Rxd3 Rd8 21. Qd2 Rxd3 22. Qxd3 Qd8 23. Qxd8+ Bxd8 24. Kf1 Be7 25. Ke2 Kf8 26. Kd3 Ke8 27. f3 h5 28. h3 Kd7 29. g4 hxg4 30. hxg4 Kc7 31. Bf1 Bb4 32. Be2 Kd6 33. Bf1 Kc5 1/2-1/2

[Event "Unterfranken-ch M2 61th"]
[Site "Kitzingen"]
[Date "2010.04.10"]
[Round "9"]
[White "Heerlein, Gerd"]
[Black "Voelker, Joachim"]
[Result "0-1"]
[WhiteElo "1755"]
[BlackElo "1664"]
[PlyCount "44"]
[EventDate "2010.04.05"]
[EventType "swiss"]
[EventRounds "9"]
[EventCountry "GER"]
[SourceTitle "EXT 2015"]
[Source "ChessBase"]
[SourceDate "2014.11.20"]
[SourceVersion "1"]
[SourceVersionDate "2014.11.20"]
[SourceQuality "1"]

1. Nf3 d5 2. g3 c6 3. Bg2 Bg4 4. b3 Nd7 5. Bb2 f5 6. c4 e6 7. d3 Ngf6 8. Nbd2 Bd6 9. Qc2 Qe7 10. h3 Bxf3 11. Bxf3 0-0 12. 0-0 e5 13. e4 fxe4 14. dxe4 d4 15. Bg2 Nh5 16. Nf3 Ba3 17. Bxa3 Qxa3 18. Ne1 Qd6 19. Nd3 Nc5 20. Nxc5 Qxc5 21. Rad1 Rf7 22. Qe2 Nxg3 0-1

[Event "Bayern-chB 79th"]
[Site "Bad Neustadt/Saale"]
[Date "2008.09.03"]
[Round "6"]
[White "Heerlein, Gerd"]
[Black "Filbry, Lothar"]
[Result "1/2-1/2"]
[WhiteElo "1708"]
[BlackElo "1546"]
[PlyCount "46"]
[EventDate "2008.08.30"]
[EventType "swiss"]
[EventRounds "9"]
[EventCountry "GER"]
[SourceTitle "EXT 2015"]
[Source "ChessBase"]
[SourceDate "2014.11.20"]
[SourceVersion "1"]
[SourceVersionDate "2014.11.20"]
[SourceQuality "1"]

1. Nf3 d5 2. g3 Nf6 3. Bg2 c5 4. 0-0 Nc6 5. d3 e6 6. Nbd2 Be7 7. e4 dxe4 8. dxe4 0-0 9. c3 e5 10. Qe2 Qc7 11. Re1 Bg4 12. h3 Bxf3 13. Bxf3 Rad8 14. Nf1 Qd7 15. Bg2 Qd3 16. Bg5 h6 17. Bxf6 Bxf6 18. Ne3 Qxe2 19. Rxe2 Ne7 20. Nd5 Nxd5 21. exd5 Rd6 22. h4 g5 23. hxg5 hxg5 1/2-1/2

[Event "Bayern-chB 79th"]
[Site "Bad Neustadt/Saale"]
[Date "2008.09.01"]
[Round "3"]
[White "Heerlein, Gerd"]
[Black "Lang, Stefan1111"]
[Result "0-1"]
[WhiteElo "1708"]
[BlackElo "2045"]
[PlyCount "70"]
[EventDate "2008.08.30"]
[EventType "swiss"]
[EventRounds "9"]
[EventCountry "GER"]
[SourceTitle "EXT 2015"]
[Source "ChessBase"]
[SourceDate "2014.11.20"]
[SourceVersion "1"]
[SourceVersionDate "2014.11.20"]
[SourceQuality "1"]

1. Nf3 c5 2. g3 Nc6 3. Bg2 g6 4. 0-0 Bg7 5. e4 e6 6. d3 Nge7 7. c3 0-0 8. Be3 b6 9. Qc2 Bb7 10. d4 cxd4 11. Nxd4 Rc8 12. Nxc6 Bxc6 13. Rd1 Qc7 14. Bf4 e5 15. Bg5 f6 16. Be3 Qb7 17. Na3 Rcd8 18. Rd2 h6 19. Rad1 f5 20. f3 Kh7 21. b4 Qa6 22. Qb3 Ba4 23. b5 Bxb3 24. bxa6 Bxd1 25. Rxd1 d5 26. Bxb6 axb6 27. a7 Nc6 28. Nb5 Rd7 29. Rxd5 Rb7 30. Rd6 Nxa7 31. Nxa7 Rxa7 32. Rxb6 fxe4 33. fxe4 Rxa2 34. Bh3 Rd8 35. Rb1 Rc2 0-1

[Event "Schweinfurt op"]
[Site "Schweinfurt"]
[Date "2007.05.17"]
[Round "1"]
[White "Heerlein, Gerd"]
[Black "Schmid, Michael1111"]
[Result "0-1"]
[WhiteElo "1714"]
[BlackElo "2181"]
[PlyCount "86"]
[EventDate "2007.05.17"]
[EventType "swiss"]
[EventRounds "7"]
[EventCountry "GER"]
[SourceTitle "CBM 118 Extra"]
[Source "ChessBase"]
[SourceDate "2007.07.04"]
[SourceVersion "1"]
[SourceVersionDate "2007.07.04"]
[SourceQuality "1"]

1. Nf3 f5 2. d4 Nf6 3. c3 g6 4. Bg5 Bg7 5. Nbd2 d6 6. Qc2 0-0 7. Bxf6 Bxf6 8. e4 fxe4 9. Nxe4 Bg7 10. 0-0-0 d5 11. Ng3 Nd7 12. h4 e5 13. dxe5 Nxe5 14. Be2 c6 15. Kb1 Qb6 16. Nxe5 Bxe5 17. Bf3 Bxg3 18. fxg3 Bf5 19. Rd3 Rae8 20. g4 Bxd3 21. Qxd3 Re3 22. Qd2 Rfe8 23. g5 Qb5 24. h5 Qd3+ 25. Qxd3 Rxd3 26. hxg6 hxg6 27. Kc2 Rde3 28. Rh4 R3e5 29. Rb4 R8e7 30. Rg4 Kf7 31. Kb3 b5 32. Kc2 Ke6 33. Kb3 Kd6 34. Kc2 Rh7 35. Kd3 Rh5 36. b3 Rhxg5 37. Rxg5 Rxg5 38. Ke3 Re5+ 39. Kf2 a5 40. Bg4 c5 41. Bc8 d4 42. cxd4 cxd4 43. Bb7 Kc5 0-1

[Event "Unterfranken-ch HB 58th"]
[Site "Wuerzburg"]
[Date "2007.04.13"]
[Round "7"]
[White "Heerlein, Gerd"]
[Black "Heissenstein, Daniel"]
[Result "0-1"]
[WhiteElo "1755"]
[BlackElo "1660"]
[PlyCount "132"]
[EventDate "2007.04.09"]
[EventType "swiss"]
[EventRounds "9"]
[EventCountry "GER"]
[SourceTitle "EXT 2015"]
[Source "ChessBase"]
[SourceDate "2014.11.20"]
[SourceVersion "1"]
[SourceVersionDate "2014.11.20"]
[SourceQuality "1"]

1. Nf3 Nf6 2. g3 c5 3. Bg2 Nc6 4. d3 g6 5. 0-0 Bg7 6. e4 d6 7. Nbd2 0-0 8. a4 Qc7 9. Nc4 e5 10. Bd2 Be6 11. Ne3 a6 12. Ng5 Bd7 13. f4 exf4 14. gxf4 h6 15. Nf3 Ne7 16. Qc1 Kh7 17. Kh1 Ng4 18. Ng1 Nxe3 19. Bxe3 f5 20. c3 Bc6 21. Qc2 Rae8 22. Rae1 Qa5 23. Ra1 Nc8 24. Bd2 Qd8 25. Rae1 Qd7 26. b3 Nb6 27. c4 Na8 28. Bc3 Nc7 29. Bxg7 Qxg7 30. Re3 Rf7 31. Ne2 Ne6 32. Nc3 Nd4 33. Qb1 Ne6 34. Ne2 Nd4 35. Nxd4 Qxd4 36. Ree1 Rfe7 37. Qc2 fxe4 38. dxe4 Bxe4 39. Bxe4 Rxe4 40. Rd1 Qf6 41. Qd2 Rd4 42. Qf2 Rxd1 43. Rxd1 Re4 44. Rf1 Qd4 45. Qxd4 cxd4 46. Rf3 Kg7 47. Kg2 Kf6 48. Kg3 Kf5 49. a5 Re3 50. Rxe3 dxe3 51. Kf3 e2 52. Kxe2 Kxf4 53. Kd3 Ke5 54. b4 g5 55. Ke3 h5 56. b5 g4 57. b6 h4 58. Kd3 g3 59. hxg3 hxg3 60. Ke3 g2 61. Kf2 Kd4 62. Kxg2 Kxc4 63. Kf3 Kb5 64. Ke4 Kxa5 65. Kd5 Kxb6 66. Kxd6 Kb5 0-1

[Event "Unterfranken-ch HB 57th"]
[Site "Prichsenstadt"]
[Date "2006.04.18"]
[Round "2"]
[White "Heerlein, Gerd"]
[Black "Mueller, Gerhard3333"]
[Result "0-1"]
[WhiteElo "1755"]
[BlackElo "1785"]
[PlyCount "70"]
[EventDate "2006.04.17"]
[EventType "swiss"]
[EventRounds "9"]
[EventCountry "GER"]
[SourceTitle "EXT 2015"]
[Source "ChessBase"]
[SourceDate "2014.11.20"]
[SourceVersion "1"]
[SourceVersionDate "2014.11.20"]
[SourceQuality "1"]

1. Nf3 g6 2. g3 Bg7 3. Bg2 Nf6 4. 0-0 d6 5. d3 0-0 6. e4 e5 7. Nbd2 Nc6 8. a4 Bd7 9. Nc4 Qc8 10. c3 Bh3 11. b4 a6 12. a5 Bxg2 13. Kxg2 Rb8 14. Ne3 Re8 15. Nd2 Qd7 16. Qb3 Ne7 17. Nd5 Nexd5 18. exd5 Qf5 19. c4 Re7 20. f3 Rbe8 21. Ne4 h6 22. Be3 Nh7 23. Rad1 Qd7 24. Nc3 f5 25. Bc1 g5 26. Qc2 Rf8 27. Qb3 Qe8 28. Qc2 Qh5 29. Qb3 Nf6 30. h3 Ref7 31. Qc2 Qg6 32. Bb2 Nh5 33. Qe2 f4 34. Ne4 fxg3 35. Nxg3 Nf4+ 0-1

[Event "Unterfranken-ch M2 55th"]
[Site "Bad Koenigshofen"]
[Date "2004.04.15"]
[Round "5"]
[White "Kuhn, Christian"]
[Black "Heerlein, Gerd"]
[Result "0-1"]
[WhiteElo "1764"]
[BlackElo "1703"]
[PlyCount "60"]
[EventDate "2004.04.12"]
[EventType "swiss"]
[EventRounds "9"]
[EventCountry "GER"]
[SourceTitle "EXT 2015"]
[Source "ChessBase"]
[SourceDate "2014.11.20"]
[SourceVersion "1"]
[SourceVersionDate "2014.11.20"]
[SourceQuality "1"]

1. c4 Nf6 2. g3 g6 3. Bg2 Bg7 4. Nc3 d6 5. a3 0-0 6. Rb1 e5 7. d3 Nc6 8. e4 Be6 9. Nd5 Ne8 10. Ne2 f5 11. 0-0 h5 12. Be3 h4 13. Qd2 hxg3 14. fxg3 Kh7 15. Bg5 Qd7 16. b4 Nd8 17. Rf2 c6 18. Ndc3 Nf7 19. Be3 Nf6 20. h3 d5 21. cxd5 cxd5 22. exd5 Nxd5 23. Bxd5 Bxd5 24. d4 Bc4 25. dxe5 Qxd2 26. Bxd2 Nxe5 27. Bg5 Rfe8 28. Rf4 Kg8 29. Rd1 Bxe2 30. Nxe2 Nf7 0-1